000 00365nam a2200121 a 4500
001 000038095
005 20201002031155.0
008 130313s1960 dr 000 0 spa d
040 _aDO-SdBNP
_bspa
_cBNPHU
245 0 0 _aTrujillo and the church :
_bstatements by prominent roman catholics.
260 _aCiudad Trujillo :
_bCaribe ,
_c1960.
300 _a27 p. : ;
_c23 cm.
999 _c37585
_d37585